Operating System Concepts (Record no. 7476)

MARC details
000 -LEADER
fixed length control field 00302nam a2200121Ia 4500
008 - FIXED-LENGTH DATA ELEMENTS--GENERAL INFORMATION
fixed length control field 191201s2008 xx 000 0 und d
100 ## - MAIN ENTRY--PERSONAL NAME
Personal name SILBERSCHATZ,Abraham
245 #0 - TITLE STATEMENT
Title Operating System Concepts
260 ## - PUBLICATION, DISTRIBUTION, ETC. (IMPRINT)
Date of publication, distribution, etc 2008
Name of publisher, distributor, etc Wiley Dreautech India
Place of publication, distribution, etc N.Delhi
300 ## - PHYSICAL DESCRIPTION
Extent 951
650 ## - SUBJECT ADDED ENTRY--TOPICAL TERM
Topical term or geographic name as entry element MCA
942 ## - ADDED ENTRY ELEMENTS (KOHA)
Source of classification or shelving scheme Dewey Decimal Classification
Koha item type Book Bank
Holdings
Withdrawn status Lost status Source of classification or shelving scheme Damaged status Not for loan Collection code Home library Current library Date acquired Source of acquisition Cost, normal purchase price Bill Number Total Checkouts Acc. no. / Barcode Date last seen Bill Date Koha item type
    Dewey Decimal Classification     MCA PIET C-LIBRARY PIET C-LIBRARY 08/10/2011 Valley Book House 499.00 172   BB7593 04/12/2019 08/10/2011 Book Bank
    Dewey Decimal Classification     MCA PIET C-LIBRARY PIET C-LIBRARY 08/10/2011 Valley Book House 499.00 172   BB7594 04/12/2019 08/10/2011 Book Bank
    Dewey Decimal Classification     MCA PIET C-LIBRARY PIET C-LIBRARY 08/10/2011 Valley Book House 499.00 172   BB7595 04/12/2019 08/10/2011 Book Bank
    Dewey Decimal Classification     MCA PIET C-LIBRARY PIET C-LIBRARY 08/10/2011 Valley Book House 499.00 172   BB7596 04/12/2019 08/10/2011 Book Bank

Design & Developed by: PIET Central Library
R70 Miles Stone Pattikalyana Samalkha Panipat 132102
mail ID :- [email protected], Phone No:- 0180-2569700 Ex.216